[Event "XXXI Festival Conca della Presolana A"]
[Site "Bratto - Castione della Presolana ITA"]
[Date "2011.08.20"]
[Round "1"]
[White "Arun Prasad, Subramanian"]
[Black "Negro, Roberto"]
[Result "1-0"]
[WhiteElo "2489"]
[BlackElo "2170"]
[PlyCount "59"]
[EventDate "2011.08.20"]

1. d4 Nf6 2. c4 c5 3. d5 d6 4. Nc3 g6 5. g3 Bg7 6. Bg2 O-O 7. Nf3 e6 8. O-O
exd5 9. cxd5 Re8 10. Nd2 a6 11. a4 Nbd7 12. h3 Rb8 13. Nc4 Ne5 14. Na3 Nh5 15.
e4 Qc7 16. g4 Nf6 17. f4 Ned7 18. e5 dxe5 19. Nc4 b5 20. axb5 axb5 21. d6 Qd8
22. Na5 b4 23. Nc6 Qb6 24. Nd5 Nxd5 25. Bxd5 c4+ 26. Kh2 Qc5 27. Nxb8 Nxb8 28.
f5 gxf5 29. gxf5 Bf6 30. Bxf7+ 1-0

[Event "XXXI Festival Conca della Presolana A"]
[Site "Bratto - Castione della Presolana ITA"]
[Date "2011.08.20"]
[Round "1"]
[White "Bemporad, Filippo"]
[Black "Getz, Nicolai"]
[Result "0-1"]
[WhiteElo "2068"]
[BlackElo "2385"]
[PlyCount "48"]
[EventDate "2011.08.20"]

1. d4 Nf6 2. Nf3 d6 3. c4 Nbd7 4. Nc3 e5 5. e4 g6 6. Be2 Bg7 7. O-O O-O 8. d5
Nc5 9. Qc2 a5 10. Ne1 Qe7 11. b3 Nfd7 12. Bg4 f5 13. exf5 Nf6 14. Bh3 gxf5 15.
Bxf5 Bxf5 16. Qxf5 Nfe4 17. Qh3 Rxf2 18. Rxf2 Nxf2 19. Kxf2 e4 20. Ke2 Qf6 21.
Bb2 Rf8 22. Qg3 Qf1+ 23. Ke3 Rf2 24. Na4 Qe2# 0-1

[Event "XXXI Festival Conca della Presolana A"]
[Site "Bratto - Castione della Presolana ITA"]
[Date "2011.08.20"]
[Round "1"]
[White "Bonade', Massimo"]
[Black "Borgo, Giulio"]
[Result "0-1"]
[WhiteElo "2079"]
[BlackElo "2404"]
[PlyCount "94"]
[EventDate "2011.08.20"]

1. d4 d5 2. c4 e6 3. Nc3 c6 4. Nf3 Nf6 5. Bg5 Nbd7 6. cxd5 exd5 7. e3 Qa5 8.
Nd2 Bd6 9. Bd3 O-O 10. O-O Re8 11. a3 Qc7 12. h3 h6 13. Bxf6 Nxf6 14. Rc1 Qe7
15. Re1 Be6 16. Na4 Rad8 17. Nc5 Bc8 18. b4 b6 19. Na4 Bd7 20. Qb3 g5 21. f3
Kg7 22. e4 Bf4 23. Rcd1 dxe4 24. fxe4 c5 25. bxc5 Bxa4 26. Qxa4 bxc5 27. e5 Nd5
28. Ne4 Be3+ 29. Kh1 cxd4 30. Nd6 Qxe5 31. Nxe8+ Rxe8 32. Qxa7 Qg3 33. Bc4 Re7
34. Qc5 Bf4 35. Qxd4+ Nf6 36. Qg1 Ng4 37. Rf1 Be3 38. Rf3 Qe5 39. Rxe3 Nxe3 40.
Re1 Qf4 41. Bd3 g4 42. a4 Re5 43. Qh2 g3 44. Qg1 Ng4 45. Rxe5 Nf2+ 46. Qxf2
gxf2 47. Re4 Qxe4 0-1

[Event "XXXI Festival Conca della Presolana A"]
[Site "Bratto - Castione della Presolana ITA"]
[Date "2011.08.20"]
[Round "1"]
[White "Brun, Dario"]
[Black "Fedorchuk, Sergey A."]
[Result "0-1"]
[WhiteElo "2265"]
[BlackElo "2618"]
[PlyCount "72"]
[EventDate "2011.08.20"]

1. d4 Nf6 2. c4 e6 3. Nc3 Bb4 4. Qc2 O-O 5. e4 d6 6. a3 Bxc3+ 7. bxc3 c5 8. Bd3
Qc7 9. Ne2 Nbd7 10. O-O b5 11. Qa2 bxc4 12. Bxc4 Bb7 13. f3 cxd4 14. cxd4 d5
15. exd5 Bxd5 16. Bxd5 Nxd5 17. Bd2 h6 18. Rab1 Rfc8 19. Rfc1 Qd6 20. Qb3 Rxc1+
21. Rxc1 Qa6 22. Nf4 N7f6 23. Nd3 Rd8 24. Ne5 Ne7 25. Bb4 Nf5 26. Bc5 Nd5 27.
Rb1 Qe2 28. Qd3 Qa2 29. Qb3 Qd2 30. Qd3 Qg5 31. Kh1 Nf4 32. Qd2 Nxd4 33. Bxd4
Rxd4 34. Rb8+ Kh7 35. Qc2+ Qf5 36. Qxf5+ exf5 0-1

[Event "XXXI Festival Conca della Presolana A"]
[Site "Bratto - Castione della Presolana ITA"]
[Date "2011.08.20"]
[Round "1"]
[White "Brunello, Marina"]
[Black "Greenfeld, Alon"]
[Result "0-1"]
[WhiteElo "2228"]
[BlackElo "2566"]
[PlyCount "90"]
[EventDate "2011.08.20"]

1. e4 c5 2. c3 e6 3. d4 d5 4. e5 Nc6 5. Nf3 Qb6 6. a3 f6 7. exf6 Nxf6 8. Bd3
cxd4 9. cxd4 Bd6 10. O-O O-O 11. Nc3 Bd7 12. Be3 Rac8 13. Na4 Qd8 14. b4 e5 15.
dxe5 Nxe5 16. Be2 b6 17. Nb2 Qe8 18. Bd4 Ng6 19. Nd3 Ba4 20. Qe1 Ne4 21. Ra2
Bb3 22. Rb2 Bc4 23. Qd1 Rc7 24. Re1 Re7 25. Rb1 Qf7 26. Bf1 Qf5 27. Rc1 Qg4 28.
h3 Qf5 29. Be3 Bb8 30. Nb2 Bxf1 31. Rxf1 Kh8 32. Nd3 Qf6 33. b5 Qd6 34. Rc6
Qxa3 35. Nd4 Ref7 36. Ne6 Re8 37. Bd4 Qe7 38. Qh5 Bd6 39. Nxg7 Rxg7 40. Bxg7+
Qxg7 41. Rd1 Rg8 42. Ne1 Nf4 43. Qg4 Qf6 44. Qf3 Ng5 45. Qe3 d4 0-1

[Event "XXXI Festival Conca della Presolana A"]
[Site "Bratto - Castione della Presolana ITA"]
[Date "2011.08.20"]
[Round "1"]
[White "Cocchi, Andrea"]
[Black "Gasperoni, Stefano"]
[Result "1-0"]
[WhiteElo "2297"]
[BlackElo "2001"]
[PlyCount "45"]
[EventDate "2011.08.20"]

1. Nf3 Nf6 2. c4 c5 3. g3 Nc6 4. Bg2 d5 5. d4 dxc4 6. Qa4 Qd7 7. dxc5 e5 8.
Qxc4 Qg4 9. Na3 Qxc4 10. Nxc4 Bxc5 11. Ncxe5 Bb4+ 12. Bd2 Bxd2+ 13. Kxd2 Nxe5
14. Nxe5 O-O 15. Rhc1 Rd8+ 16. Ke1 Nd5 17. Rc5 Be6 18. Rd1 Nb6 19. b3 f6 20.
Rxd8+ Rxd8 21. Nd3 Rd7 22. Ra5 a6 23. Nc5 1-0

[Event "XXXI Festival Conca della Presolana A"]
[Site "Bratto - Castione della Presolana ITA"]
[Date "2011.08.20"]
[Round "1"]
[White "Codenotti, Marco"]
[Black "Radice, Luca"]
[Result "1-0"]
[WhiteElo "2323"]
[BlackElo "2021"]
[PlyCount "97"]
[EventDate "2011.08.20"]

1. e4 e6 2. d4 d5 3. Nd2 Nc6 4. Ngf3 Nf6 5. e5 Nd7 6. c3 f6 7. exf6 Qxf6 8. Be2
Bd6 9. O-O O-O 10. Re1 e5 11. Qb3 Qf7 12. Bd3 Kh8 13. Bxh7 exd4 14. cxd4 Nxd4
15. Qe3 Nxf3+ 16. Nxf3 Nf6 17. Bc2 Qh5 18. Qg5 Bg4 19. Nh4 Rfe8 20. Be3 Qxg5
21. Bxg5 Rxe1+ 22. Rxe1 Re8 23. Rxe8+ Nxe8 24. f3 Bd7 25. Be7 Kg8 26. Ng6 c6
27. Kf2 Kf7 28. Bxd6 Nxd6 29. Ne5+ Ke7 30. Nxd7 Kxd7 31. f4 c5 32. Ke2 Ke6 33.
Kd3 b5 34. g4 a5 35. b3 d4 36. Bd1 Kd5 37. Bf3+ Ke6 38. Bc6 b4 39. h4 Kf6 40.
h5 g5 41. hxg6 Kxg6 42. Bd7 Kf6 43. g5+ Kg6 44. Bg4 Nb5 45. Kc4 Nc3 46. Kxc5 d3
47. Kc4 Nxa2 48. Kxd3 Nc1+ 49. Kc4 1-0

[Event "XXXI Festival Conca della Presolana A"]
[Site "Bratto - Castione della Presolana ITA"]
[Date "2011.08.20"]
[Round "1"]
[White "Cugini, Verter"]
[Black "Narayanan, Srinath"]
[Result "0-1"]
[WhiteElo "2053"]
[BlackElo "2371"]
[PlyCount "120"]
[EventDate "2011.08.20"]

1. e4 c5 2. g3 d6 3. Bg2 g6 4. Ne2 Bg7 5. O-O Nc6 6. Nbc3 e6 7. d3 Nge7 8. Be3
O-O 9. Qd2 b6 10. Bh6 d5 11. Bxg7 Kxg7 12. exd5 exd5 13. d4 c4 14. Nf4 Be6 15.
b3 cxb3 16. axb3 Qd7 17. Rfe1 Rac8 18. Nd1 Nf5 19. c3 Na5 20. Rb1 Rfe8 21. Ne3
Nxe3 22. Rxe3 Bf5 23. Rb2 Rxe3 24. fxe3 Be4 25. Bxe4 dxe4 26. c4 Nb7 27. Nd5
Nd6 28. Qf2 f5 29. Qf4 Re8 30. Ra2 h6 31. h4 b5 32. Ra6 Re6 33. cxb5 Nxb5 34.
Rxe6 Qxe6 35. Nc7 Nxc7 36. Qxc7+ Kf6 37. Qd8+ Kf7 38. Qc7+ Kf6 39. Qd8+ Kf7 40.
Qc7+ Qe7 41. Qc4+ Kg7 42. b4 g5 43. hxg5 hxg5 44. Kf2 Qd6 45. Qc5 Qd7 46. b5
Qf7 47. d5 Kg6 48. Qc6+ Kh5 49. d6 Qa2+ 50. Ke1 Qb1+ 51. Kd2 Qd3+ 52. Kc1 Qxe3+
53. Kb2 Qd2+ 54. Kb3 Qd3+ 55. Kb4 Kg4 56. d7 e3 57. Qc4+ Qxc4+ 58. Kxc4 e2 59.
d8=Q e1=Q 60. Qd4+ Qe4 0-1

[Event "XXXI Festival Conca della Presolana A"]
[Site "Bratto - Castione della Presolana ITA"]
[Date "2011.08.20"]
[Round "1"]
[White "David, Alberto"]
[Black "Efroimski, Marsel"]
[Result "1-0"]
[WhiteElo "2609"]
[BlackElo "2235"]
[PlyCount "81"]
[EventDate "2011.08.20"]

1. d4 Nf6 2. c4 g6 3. Nc3 d5 4. e3 Bg7 5. cxd5 Nxd5 6. Nxd5 Qxd5 7. Ne2 O-O 8.
Nc3 Qd8 9. Be2 c6 10. O-O Be6 11. Qc2 Nd7 12. Rd1 Nb6 13. e4 Qc7 14. a4 Bc4 15.
a5 Bxe2 16. Nxe2 Nd7 17. Bf4 e5 18. Bg3 Qc8 19. h3 a6 20. Ra3 exd4 21. Nxd4 Re8
22. Bd6 Bf8 23. Bxf8 Nxf8 24. Rg3 Qc7 25. Nf5 Re6 26. b4 Qf4 27. Qc3 Qe5 28.
Rd4 Kh8 29. Nd6 Re7 30. f4 Qxf4 31. Rf3 Qh4 32. Nxf7+ Kg8 33. e5 Qh5 34. g4 Qh4
35. g5 Qh5 36. Nh6+ Kh8 37. e6 Rg7 38. Nf7+ Kg8 39. Nh6+ Kh8 40. Nf7+ Kg8 41.
Qb3 1-0

[Event "XXXI Festival Conca della Presolana A"]
[Site "Bratto - Castione della Presolana ITA"]
[Date "2011.08.20"]
[Round "1"]
[White "De Florio, Federico"]
[Black "De La Villa Garcia, Jesus Maria"]
[Result "0-1"]
[WhiteElo "2176"]
[BlackElo "2490"]
[PlyCount "88"]
[EventDate "2011.08.20"]

1. d4 Nf6 2. Nf3 d5 3. c4 e6 4. e3 b6 5. Nc3 Bb7 6. Bd3 Nbd7 7. O-O a6 8. Qe2
dxc4 9. Bxc4 b5 10. Bb3 c5 11. Rd1 Qc7 12. d5 exd5 13. Nxd5 Nxd5 14. Bxd5 Bxd5
15. Rxd5 Be7 16. e4 O-O 17. g3 Qb7 18. Bg5 f6 19. Bf4 Nb6 20. Rd3 Rae8 21. Rad1
c4 22. Re3 Bc5 23. Bd6 Bxe3 24. Bxf8 Bxf2+ 25. Qxf2 Rxf8 26. Rd6 Nc8 27. Re6
Rd8 28. Qc5 Kf7 29. Qc6 Rd1+ 30. Kf2 Qxc6 31. Rxc6 Ne7 32. Rxa6 Rb1 33. Nd4
Rxb2+ 34. Ke3 b4 35. Ne2 Ng6 36. Ra7+ Ke6 37. h3 Ne5 38. Nf4+ Kd6 39. Nd5 c3
40. Ra6+ Kc5 41. Ra5+ Kc6 42. Ra6+ Kb5 43. Nc7+ Kc4 44. Nd5 Rg2 0-1

[Event "XXXI Festival Conca della Presolana A"]
[Site "Bratto - Castione della Presolana ITA"]
[Date "2011.08.20"]
[Round "1"]
[White "De Santis, Alessio"]
[Black "Ranfagni, Stefano"]
[Result "1-0"]
[WhiteElo "2305"]
[BlackElo "2006"]
[PlyCount "89"]
[EventDate "2011.08.20"]

1. d4 e6 2. c4 f5 3. Nc3 Nf6 4. a3 d5 5. Nf3 c6 6. g3 Bd6 7. Bg2 O-O 8. O-O
Nbd7 9. Ng5 Qe7 10. f3 h6 11. Nh3 dxc4 12. Nf2 Nb6 13. f4 c5 14. e3 a6 15. Qe2
Nfd5 16. a4 Nxc3 17. bxc3 Nd5 18. Qxc4 b5 19. Qd3 c4 20. Qc2 Bd7 21. e4 fxe4
22. Nxe4 Rfc8 23. axb5 axb5 24. Rxa8 Rxa8 25. Re1 b4 26. cxb4 Bxb4 27. Bd2 Rc8
28. f5 Bxd2 29. Nxd2 Qf6 30. Re5 Nb4 31. Qc3 Nd3 32. Ne4 Qf8 33. Ra5 exf5 34.
Nd2 Be6 35. d5 Bf7 36. Nxc4 Nb4 37. Rb5 Na6 38. Qd4 Rd8 39. Ne5 Nc7 40. Rb7
Bxd5 41. Rxc7 Bxg2 42. Nd7 Be4 43. Qc4+ Qf7 44. Nf6+ Kh8 45. Qxf7 1-0

[Event "XXXI Festival Conca della Presolana A"]
[Site "Bratto - Castione della Presolana ITA"]
[Date "2011.08.20"]
[Round "1"]
[White "Dritsakos, Alessio"]
[Black "Ranieri, Fabrizio"]
[Result "0-1"]
[WhiteElo "2004"]
[BlackElo "2299"]
[PlyCount "48"]
[EventDate "2011.08.20"]

1. e4 e6 2. Nf3 d5 3. Nc3 Nf6 4. e5 Nfd7 5. d4 c5 6. dxc5 Nc6 7. Bf4 Bxc5 8.
Bd3 f6 9. exf6 Nxf6 10. Qe2 O-O 11. O-O-O Bd7 12. Kb1 a6 13. g4 Qe7 14. g5 Nh5
15. Bg3 Nf4 16. Bxf4 Rxf4 17. Rhe1 Raf8 18. Ne5 Nxe5 19. Qxe5 Qd6 20. Bxh7+
Kxh7 21. g6+ Kh6 22. Nxd5 Qxe5 23. Rxe5 exd5 24. Rexd5 Bg4 0-1

[Event "XXXI Festival Conca della Presolana A"]
[Site "Bratto - Castione della Presolana ITA"]
[Date "2011.08.20"]
[Round "1"]
[White "Finocchiaro, Gianluca"]
[Black "Bellia, Fabrizio"]
[Result "1/2-1/2"]
[WhiteElo "2115"]
[BlackElo "2424"]
[PlyCount "119"]
[EventDate "2011.08.20"]

1. e4 e5 2. Nf3 Nc6 3. d4 exd4 4. Nxd4 Nf6 5. Nc3 Bb4 6. Nxc6 bxc6 7. Bd3 d5 8.
exd5 cxd5 9. Qe2+ Be7 10. Bb5+ Bd7 11. Bxd7+ Qxd7 12. Bg5 O-O 13. O-O Rfe8 14.
Qf3 c6 15. Rad1 h6 16. Bf4 Qf5 17. Rd3 Ne4 18. Ne2 Bf6 19. Nd4 Bxd4 20. Rxd4
Re6 21. Be3 Qxf3 22. gxf3 Nd6 23. Ra4 a6 24. b3 Nf5 25. Re1 c5 26. Kf1 Rae8 27.
c3 Nxe3+ 28. fxe3 Rxe3 29. Rxe3 Rxe3 30. Kf2 Rxc3 31. Rxa6 Kf8 32. Ra7 g5 33.
Kg3 h5 34. h3 Kg7 35. Rd7 d4 36. b4 cxb4 37. Rxd4 Kg6 38. Rxb4 h4+ 39. Kf2 Rc2+
40. Kg1 Rxa2 41. f4 Ra3 42. Kh2 Rg3 43. fxg5 Kxg5 44. Rb8 f5 45. Rg8+ Kf4 46.
Rh8 Kf3 47. Rxh4 Rg2+ 48. Kh1 Rd2 49. Rb4 f4 50. Rb3+ Kf2 51. Kh2 f3 52. Rb1
Ke3+ 53. Kg1 Rg2+ 54. Kf1 Kf4 55. Rb4+ Kg3 56. Rd4 Kh2 57. Rb4 Kg3 58. Rg4+
Kxh3 59. Rxg2 fxg2+ 60. Kg1 1/2-1/2

[Event "XXXI Festival Conca della Presolana A"]
[Site "Bratto - Castione della Presolana ITA"]
[Date "2011.08.20"]
[Round "1"]
[White "Formento, Paolo"]
[Black "Juhasz, Kristof"]
[Result "1-0"]
[WhiteElo "2024"]
[BlackElo "2334"]
[PlyCount "127"]
[EventDate "2011.08.20"]

1. e4 c6 2. Nf3 d5 3. Nc3 Bg4 4. h3 Bxf3 5. Qxf3 e6 6. exd5 cxd5 7. Bb5+ Nc6 8.
O-O Nf6 9. d4 Be7 10. Bg5 O-O 11. Bxc6 bxc6 12. Ne2 Ne4 13. Bxe7 Qxe7 14. Qd3
a5 15. Nc3 Nxc3 16. bxc3 Rfb8 17. Rfb1 Qa3 18. Rb3 Rxb3 19. cxb3 Qb2 20. Qd1
Qxc3 21. Rc1 Qb2 22. Rc2 Qa3 23. Qd2 Qd6 24. Qc3 Ra6 25. Qd3 Ra8 26. Qc3 a4 27.
b4 a3 28. Qxc6 Qxc6 29. Rxc6 g6 30. Rc3 Rb8 31. Rb3 f6 32. f4 Kf7 33. Kf2 e5
34. fxe5 fxe5 35. dxe5 Ke6 36. Ke3 Kxe5 37. Kd3 Rb5 38. Rb1 Kd6 39. Kd4 Kd7 40.
Kc3 Kd6 41. Kb3 d4 42. Kxa3 Re5 43. b5 Kc7 44. Kb4 Re2 45. a4 d3 46. Kc3 Ra2
47. Kb3 Rxg2 48. a5 d2 49. Kc3 Rg3+ 50. Kxd2 Ra3 51. b6+ Kb7 52. Rb5 h6 53. h4
Ra4 54. Kc3 Ra3+ 55. Kb4 Rh3 56. a6+ Kxa6 57. b7 Rxh4+ 58. Kc3 Kxb5 59. b8=Q+
Kc6 60. Qe8+ Kb6 61. Qxg6+ Kb7 62. Qf7+ Ka8 63. Qe8+ Kb7 64. Qe7+ 1-0

[Event "XXXI Festival Conca della Presolana A"]
[Site "Bratto - Castione della Presolana ITA"]
[Date "2011.08.20"]
[Round "1"]
[White "Genocchio, Daniele"]
[Black "Marguerettaz, Davy"]
[Result "1-0"]
[WhiteElo "2446"]
[BlackElo "2160"]
[PlyCount "69"]
[EventDate "2011.08.20"]

1. e4 e5 2. Nf3 Nc6 3. Bb5 a6 4. Ba4 d6 5. O-O Nf6 6. Re1 Be7 7. c3 O-O 8. h3
b5 9. Bb3 Na5 10. Bc2 c5 11. d4 Qc7 12. Nbd2 Nc6 13. d5 Nd8 14. a4 Rb8 15. Nf1
Ne8 16. N3h2 f6 17. Ng4 Nf7 18. axb5 axb5 19. b4 g6 20. Nh6+ Nxh6 21. Bxh6 Ng7
22. bxc5 dxc5 23. c4 Bd7 24. Bb3 Bd6 25. cxb5 Bxb5 26. Nd2 c4 27. Rc1 c3 28.
Nb1 Qa5 29. Nxc3 Ba3 30. Ra1 Qxc3 31. Rxa3 Bc4 32. Ra7 Bxb3 33. Rxg7+ Kh8 34.
Qa1 Qb4 35. Qa7 1-0

[Event "XXXI Festival Conca della Presolana A"]
[Site "Bratto - Castione della Presolana ITA"]
[Date "2011.08.20"]
[Round "1"]
[White "Horvath, Csaba"]
[Black "Rambaldi, Francesco"]
[Result "1/2-1/2"]
[WhiteElo "2517"]
[BlackElo "2206"]
[PlyCount "65"]
[EventDate "2011.08.20"]

1. d4 Nf6 2. c4 g6 3. Nc3 d5 4. Nf3 Bg7 5. Qb3 dxc4 6. Qxc4 O-O 7. e4 Nc6 8.
Be2 Bg4 9. d5 Na5 10. Qa4 Bxf3 11. Bxf3 c6 12. O-O cxd5 13. exd5 Rc8 14. Re1
Re8 15. g3 a6 16. Bf4 Nc4 17. Qb4 Nd6 18. Be2 Rxc3 19. Qxc3 Nxd5 20. Qf3 Nxf4
21. Qxf4 Bxb2 22. Rad1 Bc3 23. Rf1 Qa5 24. Qe3 Qe5 25. Qf3 Rc8 26. Rd5 Qf6 27.
Qg4 Rc6 28. Rfd1 Kg7 29. Bf3 h5 30. Rxh5 Rc4 31. Rxd6 Rxg4 32. Rxf6 Bxf6 33.
Bxg4 1/2-1/2

[Event "XXXI Festival Conca della Presolana A"]
[Site "Bratto - Castione della Presolana ITA"]
[Date "2011.08.20"]
[Round "1"]
[White "Iasman, Inna"]
[Black "Janczarski, Michal"]
[Result "0-1"]
[WhiteElo "2014"]
[BlackElo "2316"]
[PlyCount "55"]
[EventDate "2011.08.20"]

1. d4 g6 2. c4 Bg7 3. Nc3 c6 4. e4 d6 5. Nf3 Bg4 6. Be2 e5 7. d5 Nf6 8. Be3 O-O
9. Nd2 Bxe2 10. Qxe2 a5 11. O-O Na6 12. a3 h5 13. f3 Kh7 14. Qf2 Nd7 15. Nb3 f5
16. exf5 gxf5 17. f4 e4 18. Nd4 Bxd4 19. Bxd4 Nac5 20. Qe2 Qe8 21. Bxc5 Nxc5
22. b4 Nd3 23. b5 c5 24. Nd1 Qg6 25. Ne3 Rg8 26. Kh1 b6 27. Ra2 Ra7 28. g3 {...
} 0-1

[Event "XXXI Festival Conca della Presolana A"]
[Site "Bratto - Castione della Presolana ITA"]
[Date "2011.08.20"]
[Round "1"]
[White "Indjic, Aleksandar"]
[Black "Gonella, Daniele"]
[Result "1-0"]
[WhiteElo "2373"]
[BlackElo "2067"]
[PlyCount "125"]
[EventDate "2011.08.20"]

1. d4 d5 2. c4 e6 3. Nc3 Nf6 4. cxd5 exd5 5. Bg5 c6 6. e3 Be7 7. Bd3 O-O 8. Qc2
h6 9. Bh4 b6 10. Nge2 Bb7 11. O-O c5 12. Rad1 c4 13. Bf5 a6 14. f3 b5 15. e4 g6
16. Bxf6 Bxf6 17. e5 gxf5 18. exf6 Qxf6 19. Nf4 Rd8 20. a3 Qg5 21. g3 Rd6 22.
Rfe1 Nc6 23. Kf2 Rad8 24. h4 Qf6 25. Qd2 Kf8 26. Re3 Qh8 27. Kg2 Bc8 28. Ree1
Qf6 29. Qe3 Be6 30. Qd2 Qh8 31. Na2 a5 32. Nc3 Rb8 33. a4 bxa4 34. Nxa4 Qf6 35.
Nc5 Kg8 36. Re2 Rb5 37. Nh5 Qg6 38. Qf4 Rd8 39. Nxe6 fxe6 40. Qc7 e5 41. dxe5
Qxh5 42. Qxc6 Rb3 43. Qe6+ Kf8 44. g4 Qf7 45. Qxh6+ Qg7 46. Qxg7+ Kxg7 47. gxf5
d4 48. Kg3 d3 49. Rg2 Rd4 50. h5 a4 51. Kf2+ Kh8 52. Ke3 Rd8 53. e6 d2+ 54. Kf4
a3 55. e7 Re8 56. f6 Rb6 57. Kf5 Rb5+ 58. Ke6 Rb6+ 59. Kd7 Rbb8 60. Rgxd2 a2
61. Ra1 c3 62. bxc3 Rb1 63. Raxa2 1-0

[Event "XXXI Festival Conca della Presolana A"]
[Site "Bratto - Castione della Presolana ITA"]
[Date "2011.08.20"]
[Round "1"]
[White "Krzyzanowski, Marcin"]
[Black "Ceccarini, Marco"]
[Result "1-0"]
[WhiteElo "2370"]
[BlackElo "2052"]
[PlyCount "62"]
[EventDate "2011.08.20"]

1. e4 e5 2. Nf3 Nc6 3. Bb5 a6 4. Bxc6 dxc6 5. O-O Be7 6. h3 Bf6 7. d4 exd4 8.
e5 Be7 9. Nxd4 c5 10. Ne2 Qxd1 11. Rxd1 Bf5 12. Na3 h5 13. Be3 Nh6 14. Nf4 Be6
15. Nxh5 Nf5 16. Nf4 Nxe3 17. fxe3 b5 18. c3 Rd8 19. Rxd8+ Bxd8 20. Nc2 c6 21.
Ne1 Bc7 22. Ned3 Bc4 23. Nxc5 Bxe5 24. Rd1 g5 25. Nfd3 Bf6 26. Nb4 Be7 27.
Nbxa6 Bxa2 28. Rd7 Bf6 29. Ra7 O-O 30. Nd7 Kg7 31. Nxf8 Kxf8 1-0

[Event "XXXI Festival Conca della Presolana A"]
[Site "Bratto - Castione della Presolana ITA"]
[Date "2011.08.20"]
[Round "1"]
[White "Manca, Federico"]
[Black "Ricci, Marco"]
[Result "1-0"]
[WhiteElo "2401"]
[BlackElo "2074"]
[PlyCount "55"]
[EventDate "2011.08.20"]

1. d4 Nf6 2. Nf3 g6 3. c4 Bg7 4. Nc3 O-O 5. e4 d6 6. Be2 e5 7. O-O Nc6 8. d5
Ne7 9. b4 Nh5 10. Re1 Nf4 11. Bf1 f5 12. a4 c6 13. Bxf4 exf4 14. e5 cxd5 15.
cxd5 Re8 16. Rc1 a6 17. a5 b6 18. Na4 bxa5 19. bxa5 Bb7 20. Nb6 Rb8 21. exd6
Qxd6 22. Re6 Qa3 23. d6 Nc6 24. Qd5 Rxe6 25. Qxe6+ Kh8 26. Ng5 h6 27. Qxg6 Qxc1
28. Qh7# 1-0

[Event "XXXI Festival Conca della Presolana A"]
[Site "Bratto - Castione della Presolana ITA"]
[Date "2011.08.20"]
[Round "1"]
[White "Mikalsen, Erlend"]
[Black "Qendro, Llambi"]
[Result "1/2-1/2"]
[WhiteElo "2037"]
[BlackElo "2343"]
[PlyCount "34"]
[EventDate "2011.08.20"]

1. e4 g6 2. d4 Bg7 3. Be3 c6 4. Nc3 Qb6 5. Qd2 Qxb2 6. Rb1 Qa3 7. Bc4 b5 8. Rb3
Qa5 9. Bd3 d6 10. Nf3 Nd7 11. O-O Nb6 12. e5 d5 13. Nh4 Nc4 14. Bxc4 bxc4 15.
Rb2 Qc7 16. Rfb1 e6 17. Na4 h5 1/2-1/2

[Event "XXXI Festival Conca della Presolana A"]
[Site "Bratto - Castione della Presolana ITA"]
[Date "2011.08.20"]
[Round "1"]
[White "O'Leary, Matt"]
[Black "Altini, Nicola"]
[Result "0-1"]
[WhiteElo "1953"]
[BlackElo "2267"]
[PlyCount "96"]
[EventDate "2011.08.20"]

1. c4 e5 2. Nf3 d6 3. Nc3 f5 4. d3 Nf6 5. Bg5 Be7 6. g3 O-O 7. Bg2 Nbd7 8. O-O
h6 9. Bd2 g5 10. b4 f4 11. Qc2 Qe8 12. d4 Qh5 13. Nd5 Bd8 14. Nxf6+ Bxf6 15.
dxe5 Nxe5 16. Nxe5 Bxe5 17. Bc3 Bf5 18. Bd5+ Kh7 19. Be4 Qg6 20. Bxf5 Qxf5 21.
Qxf5+ Rxf5 22. Rac1 Bxc3 23. Rxc3 a5 24. a3 axb4 25. axb4 Re5 26. Rc2 Re4 27.
c5 d5 28. b5 Rb4 29. Rd1 c6 30. bxc6 bxc6 31. gxf4 gxf4 32. Kg2 Kg6 33. Kf3 Kf5
34. Rg1 Rb3+ 35. e3 Re8 36. Re1 d4 37. Rc4 Re4 38. Kg2 dxe3 39. Rc2 exf2 40.
Rxe4 Kxe4 41. Kxf2 h5 42. Rc4+ Kf5 43. Rc2 Kg4 44. Re2 Rc3 45. Re5 Rc2+ 46. Kg1
h4 47. Kh1 h3 48. Kg1 Kf3 0-1

[Event "XXXI Festival Conca della Presolana A"]
[Site "Bratto - Castione della Presolana ITA"]
[Date "2011.08.20"]
[Round "1"]
[White "Osuna Munoz, Xavier"]
[Black "Sveshnikov, Vladimir"]
[Result "0-1"]
[WhiteElo "2104"]
[BlackElo "2407"]
[PlyCount "76"]
[EventDate "2011.08.20"]

1. e4 c5 2. Nc3 Nc6 3. Bb5 Nd4 4. Bc4 e6 5. Nge2 Nf6 6. O-O a6 7. a4 d5 8. exd5
exd5 9. Nxd4 cxd4 10. Nxd5 Nxd5 11. Qh5 Be6 12. Re1 Be7 13. Rxe6 Nf4 14. Rxe7+
Qxe7 15. Qf3 Ng6 16. Bf1 O-O 17. b3 Rfc8 18. Ba3 Qd7 19. c4 dxc3 20. dxc3 Qc6
21. Qxc6 Rxc6 22. c4 a5 23. Rd1 Rb6 24. Rd3 Nf4 25. Rf3 Ne6 26. Re3 Rd8 27. g3
Rd1 28. f4 g6 29. c5 Rc6 30. Kf2 Rd2+ 31. Kf3 Nd4+ 32. Kg4 Rxh2 33. Bc4 h5+ 34.
Kg5 Kg7 35. f5 Nxf5 36. Rd3 Ra2 37. b4 Rxa3 38. Rxa3 axb4 0-1

[Event "XXXI Festival Conca della Presolana A"]
[Site "Bratto - Castione della Presolana ITA"]
[Date "2011.08.20"]
[Round "1"]
[White "Pantaleoni, Claudio"]
[Black "Cebalo, Miso"]
[Result "0-1"]
[WhiteElo "2166"]
[BlackElo "2484"]
[PlyCount "66"]
[EventDate "2011.08.20"]

1. Nf3 c5 2. c4 g6 3. e4 Nc6 4. d4 cxd4 5. Nxd4 Nf6 6. Nc3 d6 7. Be2 Nxd4 8.
Qxd4 Bg7 9. O-O O-O 10. Bg5 h6 11. Bd2 Be6 12. Qe3 a6 13. Qg3 Rc8 14. b3 b5 15.
e5 dxe5 16. Rfd1 Qb6 17. cxb5 axb5 18. Nxb5 Nd5 19. Rac1 g5 20. Bf1 f5 21. Nc3
Nxc3 22. Bxc3 f4 23. Qd3 e4 24. Qd2 e3 25. Qb2 exf2+ 26. Kh1 Rxc3 27. Rxc3 Bxc3
28. Qxc3 Rc8 29. Qb2 Qe3 30. Rd2 Bf5 31. Rxf2 Rc1 32. Rf3 Bd3 33. Qf2 Qxf2 0-1

[Event "XXXI Festival Conca della Presolana A"]
[Site "Bratto - Castione della Presolana ITA"]
[Date "2011.08.20"]
[Round "1"]
[White "Pedzich, Dominik"]
[Black "Cani, Gazmir"]
[Result "1/2-1/2"]
[WhiteElo "2418"]
[BlackElo "2114"]
[PlyCount "44"]
[EventDate "2011.08.20"]

1. e4 e5 2. Nf3 Nf6 3. Nc3 Bb4 4. Nxe5 O-O 5. Be2 Re8 6. Nd3 Bxc3 7. dxc3 Nxe4
8. O-O d6 9. Be3 Nc6 10. Nb4 Ne5 11. f3 Nf6 12. Re1 Bf5 13. Bf1 c6 14. Bf2 Qc7
15. Qd2 h6 16. Rad1 a5 17. Nd3 Nd5 18. b3 b5 19. Nxe5 dxe5 20. Bxb5 cxb5 21.
Qxd5 Qxc3 22. Qxb5 Qxc2 1/2-1/2

[Event "XXXI Festival Conca della Presolana A"]
[Site "Bratto - Castione della Presolana ITA"]
[Date "2011.08.20"]
[Round "1"]
[White "Reinaldo Castineira, Roi"]
[Black "Pesce, Gabriele"]
[Result "1/2-1/2"]
[WhiteElo "2492"]
[BlackElo "2177"]
[PlyCount "61"]
[EventDate "2011.08.20"]

1. c4 Nf6 2. Nf3 g6 3. g3 Bg7 4. Bg2 c5 5. O-O Nc6 6. d4 cxd4 7. Nxd4 O-O 8.
Nc3 Nxd4 9. Qxd4 d6 10. Qd3 Bf5 11. e4 Be6 12. f4 Rc8 13. b3 Ng4 14. Bf3 Qb6+
15. Kg2 Qd4 16. Qxd4 Bxd4 17. Bxg4 Bxg4 18. Bd2 Bxc3 19. Bxc3 b5 20. Bd4 bxc4
21. Bxa7 Ra8 22. Bd4 cxb3 23. axb3 Rxa1 24. Rxa1 Rb8 25. Ra7 Kf8 26. e5 Be6 27.
exd6 exd6 28. Bf6 Ke8 29. Re7+ Kf8 30. Ra7 Ke8 31. Re7+ 1/2-1/2